| 000 | 00934nas a2200301 4500 | ||
|---|---|---|---|
| 001 | BR0405231 | ||
| 003 | BR-BrBNA | ||
| 005 | 20231205104937.0 | ||
| 007 | ta | ||
| 008 | 230509b bl.|||p| |||| 00| 00por d | ||
| 040 |
_aBR-BrBNA _bpor _cBiblioteca Nacional de Agricultura |
||
| 041 | _a(Pt) | ||
| 072 | _aL74; L01 | ||
| 100 | 1 | _aMartello, L.S. | |
| 100 | 1 | _aSavastano Júnior, H. | |
| 100 | 1 | _aSilva, S. da L. e | |
| 100 | 1 | _aTitto, E.A.L. | |
| 245 | 1 | _aResposta fisiológicas e produtivas de vacas Holandesas em lactação submetidas a diferentes ambientes | |
| 650 | _aVACA LEITEIRA | ||
| 650 | _aLACTAÇÃO | ||
| 650 | _aSTRESS | ||
| 650 | _aTEMPERATURA | ||
| 650 | _aTERMORREGULAÇÃO | ||
| 650 | _aPRODUÇÃO LEITEIRA | ||
| 773 | 0 |
_tRevista Brasileira de Zootecnia (Brazil) _xISSN 1516-3598 _g(Jan-Feb 2004), v. 33(1) p. 180-191 _wBR0405231 |
|
| 909 |
_a202311 _bLúcia _c55 _dLúcia Elande |
||
| 942 |
_2AGRIS _n0 _cANA |
||
| 999 |
_c180423 _d180423 |
||